| 000 | 00703cam a2200169ua 4500 | ||
|---|---|---|---|
| 041 |
_aeng _h |
||
| 082 |
_a628.92 _bIND/GU |
||
| 100 | _a, . | ||
| 110 | 1 |
_aIndian Standards Institution . _b _c() |
|
| 245 | 0 | 0 |
_aGuide for daylighting of buildings, IS2440-1978 / _cIndian Standards Institution. _hTextual Documents |
| 250 |
_a1 / _b. |
||
| 260 |
_aNew Delhi : _bIndian Standards Institution , _c1989. |
||
| 300 | _a34 ; . | ||
| 504 | _a | ||
| 942 | _cBK | ||
| 999 |
_c9975 _d9975 |
||